Social watch India: citizens report on governance and development 2003 (Record no. 401588)

000 -LEADER
fixed length control field 00562cam a22001697a 4500
008 - FIXED-LENGTH DATA ELEMENTS--GENERAL INFORMATION
fixed length control field 180718b2003 xxu||||| |||| 00| 0 eng d
020 ## - INTERNATIONAL STANDARD BOOK NUMBER
International Standard Book Number 8190174207
082 ## - DEWEY DECIMAL CLASSIFICATION NUMBER
Classification number B3x54 Sa49 (R)
245 ## - TITLE STATEMENT
Title Social watch India: citizens report on governance and development 2003
Statement of responsibility, etc. edited by John Samuel and Jagadananda
260 ## - PUBLICATION, DISTRIBUTION, ETC.
Place of publication, distribution, etc. New Delhi
Name of publisher, distributor, etc. National Social Watch Coalition
Date of publication, distribution, etc. 2003
300 ## - PHYSICAL DESCRIPTION
Extent 128p.
650 ## - SUBJECT ADDED ENTRY--TOPICAL TERM
Topical term or geographic name entry element India - Economic conditions
650 ## - SUBJECT ADDED ENTRY--TOPICAL TERM
Topical term or geographic name entry element Public administration - India
650 ## - SUBJECT ADDED ENTRY--TOPICAL TERM
Topical term or geographic name entry element Governance - India
700 ## - ADDED ENTRY--PERSONAL NAME
Personal name Jagadananda
700 ## - ADDED ENTRY--PERSONAL NAME
Personal name Samuel, John
Holdings
Withdrawn status Lost status Damaged status Not for loan Permanent Location Current Location Date acquired Full call number Barcode Date last seen Price effective from Koha item type
        Indian Institute of Public Administration Indian Institute of Public Administration 2003-08-18 B3x54 Sa49 (R) 78670 2025-01-29 2018-07-21 Book

Powered by Koha